000 00280nam a22001217a 4500
008 171027b xxu||||| |||| 00| 0 eng d
041 _aeng
080 _2.3 ED
_a336
100 _a55
101 _aMEN
245 _aESSENTIALS MANAGERIAL FINANCE
_cWESTON.J.F
942 _2udc
_cBK
999 _c36032
_d36032